| 000 | 02006nam0a2200421 4500 | ||
|---|---|---|---|
| 001 | RU\NLR\bibl\1850664 | ||
| 005 | 20260406014124.0 | ||
| 010 |
_a978-5-8044-1153-5 _9300 |
||
| 021 |
_aRU _b2011-96607 _96923 |
||
| 035 | _a(nilc)RSL-KNO-005110259 | ||
| 035 | _a(NLR Aleph) 001840612 | ||
| 090 |
_a2267051 _c2267051 |
||
| 100 | _a20111212d2011 |||y0rusy50 ca | ||
| 101 | 0 |
_arus _deng _eeng _erus |
|
| 102 | _aRU | ||
| 105 | _aa ||||||||| | ||
| 200 | 1 |
_aСиликофлагеллаты кайнозоя Японского и Охотского морей и Курило-Камчатского желоба _dSilicoflagellates of the cenozoic of japan and okhotsk seas and the kuril-kamchatka trench _fИ.Б. Цой _gРос. акад. наук, Дальневост. отд-ние, Тихоокеан. океанол. ин-т им. В.И. Ильичева _zeng |
|
| 210 |
_aВладивосток _cДальнаука _d2011 |
||
| 215 |
_a224, [1] с. _cил., карт. _d24 |
||
| 300 | _aАвт. также на англ. яз.: I.V. Coj | ||
| 300 | _aРез. на англ. яз. | ||
| 320 | _aБиблиогр.: с. 124-132 (168 назв.) | ||
| 510 | 0 |
_6z77790 _aSilicoflagellates of the cenozoic of japan and okhotsk seas and the kuril-kamchatka trench _zeng |
|
| 606 | 1 |
_aКремнежгутиковые кайнозойских отложений _yДальневосточные моря _yРоссийская Федерация _92133383 _3RU\NLR\auth\661590941 |
|
| 686 |
_aЕ135(942),0 _2rubbk |
||
| 686 |
_aЕ14-7,0 _2rubbk |
||
| 686 | _aЕ159.12(942) | ||
| 700 | 1 |
_4070 _8rus _7ca _aЦой _bИ. Б. _gИра Борисовна _3RU\NLR\auth\77119634 _9102559 |
|
| 790 | 1 |
_4070 _8rus _7ba _aCoj _bI. B. _gIra Borisovna _3RU\NLR\auth\77119636 _9102561 |
|
| 801 | 0 |
_aRU _bRuMoRKP _c20111212 _grcr |
|
| 801 | 1 |
_aRU _bРГБ _c20111212 |
|
| 801 | 2 |
_aRU _bNLR _c20111220 _grcr |
|
| 830 | _aавт. по кн. | ||
| 942 | _cBOOK | ||
| 980 | _aNB | ||
| 980 | _aNBR | ||